| 000 | 00899nas a2200277 4500 | ||
|---|---|---|---|
| 001 | BR7901754 | ||
| 003 | BR-BrBNA | ||
| 005 | 20231205083652.0 | ||
| 007 | ta | ||
| 008 | 230509b bl.|||p| |||| 00| 00por d | ||
| 040 |
_aBR-BrBNA _bpor _cBiblioteca Nacional de Agricultura |
||
| 041 | _a(Pt) | ||
| 072 | _aL40 | ||
| 100 | 1 | _aMoura, C.S. | |
| 100 | 1 | _aChezzi, L.A.M. | |
| 100 | 1 | _aPerozzo, P.S.L. | |
| 100 | 1 | _aBarbosa, J.A.H.L. | |
| 100 | 1 | _aMenezes, M.S. | |
| 245 | 1 | _aDados histoquimicos sobre o epiteilio da vesicula biliar de saguis (Callithrix jacchus e Callithrix penicillata) | |
| 650 | _aESTRUTURA ANIMAL | ||
| 650 | _aSAGUI | ||
| 650 | _aHISTOQUIMICA | ||
| 773 | 0 |
_tArquivos da Escola de Medicina Veterinaria da Universidade Federal da Bahia (Brazil) _xISSN 0100-2597 _g(1978), v. 3(1) p. 76-84 _wBR7901754 |
|
| 909 |
_a202311 _bLúcia _c55 _dLúcia Elande |
||
| 942 |
_2AGRIS _n0 _cANA |
||
| 999 |
_c100454 _d100454 |
||